000 00613nam a2200217Ia 4500
003 OSt
005 20220927104804.0
006 a|||||r|||| 00| 0
007 ta
008 220926b |||||||| |||| 00| 0 eng d
024 _a159898
037 _cReference Collections
040 _aRTL
_cRTL
_beng
041 _2eng
_aeng
082 _a"X71m216,N21.N67, K7"
245 0 _aDetailed public works budget for the year 1967-68
260 _aHydrabad
_bGovt. Central Press
_c1967
300 _a141p
_ccm.
942 _h"X71m216,N21.N67, K7"
_cCC
999 _c688707
_d688707